Then and now (1933-1958) : A study socio-economic structure and change in some villages near Visva-Bharti University Bengal (Record no. 697)

MARC details
000 -LEADER
fixed length control field 00462nam a2200145Ia 4500
005 - DATE AND TIME OF LATEST TRANSACTION
control field 20240814115758.0
008 - FIXED-LENGTH DATA ELEMENTS--GENERAL INFORMATION
fixed length control field 240813s9999||||xx |||||||||||||| ||und||
082 ## - DEWEY DECIMAL CLASSIFICATION NUMBER
Classification number 301.24 HAS
100 ## - MAIN ENTRY--PERSONAL NAME
Personal name Hasim Amir Ali
245 #0 - TITLE STATEMENT
Title Then and now (1933-1958) : A study socio-economic structure and change in some villages near Visva-Bharti University Bengal
260 ## - PUBLICATION, DISTRIBUTION, ETC.
Place of publication, distribution, etc. Bombay
Name of publisher, distributor, etc. Asia Pub. House
Date of publication, distribution, etc. 196
300 ## - PHYSICAL DESCRIPTION
Extent 123p
650 ## - SUBJECT ADDED ENTRY--TOPICAL TERM
Topical term or geographic name entry element Culture/Cultural Anthropology
942 ## - ADDED ENTRY ELEMENTS (KOHA)
Koha item type Book
Holdings
Withdrawn status Lost status Damaged status Not for loan Home library Current library Date acquired Total checkouts Barcode Date last seen Price effective from Koha item type
        Library and Documentation Division NCERT Library and Documentation Division NCERT 08/14/2024   770 08/14/2024 08/14/2024 Book